000 00412nam a2200157Ia 4500
008 100122s9999 xx 000 0 und d
082 _b27482
_a823
100 _aलाटे दीनानाथ
245 _aधुळफेक
250 _a0
260 _bदिलीप प्रकाशन
_c1905
300 _a246
630 _aधुळफेक
730 _aधुळफेक
942 _cBOOK
999 _c413540
_d413537